000 00481nam a2200181Ia 4500
008 230917s9999||||xx |||||||||||||| ||und||
020 _cGBP25.99
040 _e219074
_aMAIN
041 _aEnglish
082 _a910.02 I5S(2)
100 _aInkpen, Rob
245 0 _aScience, philosophy and physical geography
250 _a2nd ed.
260 _aLondon
_bRoutledge
_c2013
300 _axiii, 235 p.
500 _a1640 01/09/2014 APD1006723 16/09/2014 Main Budget
942 _cBK
999 _c12187
_d12187